000
00227nam a22000857a 4500
008
161022b xxu||||| |||| 00| 0 eng d
100
_9
928
_a
Corbett.S.etal
245
_a
When Helping Hurts
260
_a
Chicago
_b
Moody Publications
_c
2012
999
_c
3583
_d
3583